000 00563nam a2200217 4500
003 SEACOMEC
005 20250116132030.0
008 250116b |||||||| |||| 00| 0 eng d
020 _c350.00
_a8121924960
040 _aSEACOMEC
082 _a621.3191
_bM496
100 _aMehta, V.K
245 _aPrinciples of power system /
_cV.K. Mehta ,and Mehta Rohit
250 _aMulticolor ed.
260 _aKolkata:
_bS.Chand,
_c2005
300 _a608 p
600 _aMehta Rohit
650 _aElectrical engineering
700 _aMehta ,Rohit
942 _cBOOK
999 _c1936
_d1936